1236 1280 1756 1153 1937 1570 1876 1612 1524 1768 1048 1707 1891 1388 1689 1987 1089 1650 1025 1212 1476 1246 1148 1114 1411 1915 1411 1191 1242 1870 1777 1856 1124 1711 1309 1112 1706 1136 1216 1528 1132 1087 1064 1845 1859 1237 1571 1501 1599 1845 1135 1693 1315 1697 1078 1159 1668 1754 1526 1037 1313 1020 1368 1579 1734 1875 1381 1710 1396 1227 1631 1686 1634 1030 1038 1545 1343 1236 1087 1678 1239 1689 1119 1316 1806 1991 1930 1736 1116 1723 1835 1508 1833 1890 1560 1741 1119 1419 1829 BCNSPRNW ULIB Ver.6.0+V

เปลี่ยนเป็นภาษาไทย

Change to English
 แสดงรายละเอียดบรรณานุกรม
  กลับหน้าหลัก

Brief Record : Get Marc (ISO 2709) : E-mail record : QR code < ปิดหน้าต่าง
LEADER : 00000nam 2200000uu 4500
001    13399126783
003     ULIB
008    190305s2561||||th 000 0 tha d
020    ^a9786164557673^c790
060  0 ^aWV230220^bว64
100 0  ^aวิราภรณ์ อัจฉริยะเสถียร
245 10 ^aโรคของหูชั้นกลาง /^cวิราภรณ์ อัจฉริยะเสถียร, ยุวติยา ปลอดภัย
246 31 ^aMiddle ear diseases
260    ^aกรุงเทพฯ :^bสหมิตรพัฒนาการพิมพ์^c2561
300    ^a354 หน้า :^bภาพประกอบ
590    ^aGift-T-61
650  7 ^aหู^xโรค
650  7 ^aaหูชั้นกลางอักเสบ
690    ^aสิ่งพิมพ์มหาวิทยาลัยสงขลานครินทร์
700 0  ^aยุวติยา ปลอดภัย
710 2  ^aมหาวิทยาลัยสงขลานครินทร์^bคณะแพทยศาสตร์^bภาควิชา โสต ศอ นาสิกวิทยา
945    ^p790^l0^i27238
945    ^p790^l0^i27237
945    ^p790^l0^i29604
945    ^p790^l0^i29605
945    ^p790^l0^i29606
945    ^p790^l0^i29607
945    ^p790^l0^i29608
999    ^aกัณชพร จุลอักษร
รายการนี้ยังไม่มีแท็ก
คุณยังไม่ได้ล็อกอิน คุณสามารถมีกิจกรรมร่วมกับเว็บไซต์ได้ แต่ต้องล็อกอินก่อน ::
  ล็อกอิน

รายการสื่อสารสนเทศ

ลำดับที่ ประเภท เลขเรียก/บาร์โค้ด สถานที่ สถานะ
1. หนังสือสำรอง
หนังสือสำรอง
WV230220 ว64 ฉ.1 
  Barcode: 27237
ห้องสมุดวิทยาเขตนครสวรรค์
►หนังสือทั่วไป:l:General Books
บนชั้น
2. วิทยาศาสตร์การแพทย์ และสุขภาพ
วิทยาศาสตร์การแพทย์ และสุขภาพ
WV230220 ว64 ฉ.2 
  Barcode: 27238
ห้องสมุดวิทยาเขตนครสวรรค์
►หนังสือทั่วไป:l:General Books
บนชั้น
3. วิทยาศาสตร์การแพทย์ และสุขภาพ
วิทยาศาสตร์การแพทย์ และสุขภาพ
WV230220 ว64 ฉ.3 
  Barcode: 29604
ห้องสมุดวิทยาเขตนครสวรรค์
►หนังสือทั่วไป:l:General Books
บนชั้น
4. วิทยาศาสตร์การแพทย์ และสุขภาพ
วิทยาศาสตร์การแพทย์ และสุขภาพ
WV230220 ว64 ฉ.4 
  Barcode: 29605
ห้องสมุดวิทยาเขตนครสวรรค์
►หนังสือทั่วไป:l:General Books
บนชั้น
5. วิทยาศาสตร์การแพทย์ และสุขภาพ
วิทยาศาสตร์การแพทย์ และสุขภาพ
WV230220 ว64 ฉ.5 
  Barcode: 29606
ห้องสมุดวิทยาเขตนครสวรรค์
►หนังสือทั่วไป:l:General Books
บนชั้น
6. วิทยาศาสตร์การแพทย์ และสุขภาพ
วิทยาศาสตร์การแพทย์ และสุขภาพ
WV230220 ว64 ฉ.6 
  Barcode: 29607
ห้องสมุดวิทยาเขตนครสวรรค์
►หนังสือทั่วไป:l:General Books
บนชั้น
7. วิทยาศาสตร์การแพทย์ และสุขภาพ
วิทยาศาสตร์การแพทย์ และสุขภาพ
WV230220 ว64 ฉ.7 
  Barcode: 29608
ห้องสมุดวิทยาเขตนครสวรรค์
►หนังสือทั่วไป:l:General Books
บนชั้น

รายการใกล้เคียง
    ผู้แต่ง [วิราภรณ์ อัจฉริยะเสถียร]

    หัวเรื่อง [aหูชั้นกลางอักเสบ]

BibComment


ยังไม่เคยถูกคอมเมนท์

คอมเมนท์ทรัพยากรรายการนี้
  คอมเมนท์: โรคของหูชั้นกลาง..


 Copyright 2026. Bcnsprnw @Library